000 00590nam a2200217Ia 4500
005 20241129111216.0
008 241129s9999||||xx |||||||||||||| ||und||
020 _a978-1-350-37568-0
037 _aTB
040 _aCRL
_beng
_cCRL
041 _aeng
_2eng
084 _aCxk27 R3
_qCRL
100 _aJones Jan - Erik Ed.
_9723642
245 0 _aBloomsbury companipon to Robert Boyle
_cJones Jan - Erik Ed.
260 _aLondon, UK
_bBloomsbury
_c2023
300 _a310p.
365 _aUKP
_b39.99
650 _aPhysics
942 _cTB
_hCxk27 R3
999 _c1229386
_d1229386